| 000 | 01615nam0a22002891 4500 | ||
|---|---|---|---|
| 001 | rc\4154950 | ||
| 005 | 20260406073839.0 | ||
| 021 |
_aRU _b[48-34551] |
||
| 035 | _a(NLR Aleph) 008172592 | ||
| 090 |
_a7864270 _c7864270 |
||
| 100 | _a20130415d1948 |||y0rusy50 ca | ||
| 101 | 0 | _arus | |
| 102 | _aRU | ||
| 105 | _ay z |||a| | ||
| 200 | 1 |
_aС добрым утром _eСтихи |
|
| 210 |
_a[Москва] _cСов. писатель _d1948 _gТип. № 3 Упр. изд-в и полиграфии Исполкома Ленгорсовета |
||
| 215 |
_a131 с. _d16 |
||
| 300 | _aПеред загл. авт.: Сергей Смирнов | ||
| 327 | 0 | _aРазделы: Под заветной крышею; Путевка; От города до города; На линии обстрела; У солдатского костра; По почте полевой; Гвардейцы запаса; Собираясь на свиданье | |
| 464 | 0 |
_12001#$aПод заветной крышею$aПутевка$aОт города до города$aНа линии обстрела$aУ солдатского костра$aПо почте полевой$aГвардейцы запаса$aСобираясь на свиданье _tСобираясь на свиданье |
|
| 606 |
_aВеликая Отечественная война (х. л.) _2psbo |
||
| 700 | 1 |
_aСмирнов _bС.В. _f1913-1993 _cпоэт _gСергей Васильевич _3RU\NLR\AUTH\770139353 _9139318 |
|
| 801 | 0 |
_aRU _bNLR _gpsbo |
|
| 801 | 1 |
_aRU _bELAR _2rusmarc |
|
| 852 |
_aNLR _jЛ30 Г-1/908 |
||
| 942 | _cBOOK | ||
| 980 | _aNB | ||